| 000 | 00317nam a22001217a 4500 | ||
|---|---|---|---|
| 082 |
_a658.4 _bROW |
||
| 100 | _aRowbottom , Ralph W | ||
| 245 | _aUnderstanding Management | ||
| 260 |
_aGreat Britain, _bWhitworth Press, _c1962. |
||
| 300 |
_a161p : _bPaperback, _c22cm. |
||
| 563 | _aPaperback | ||
| 942 |
_2ddc _cBK |
||
| 999 |
_c588740 _d588740 |
||